Guess the lyrics (#75) - Statistics

General Stats
  • This quiz has been taken 118 times
  • The average score is 195 of 427
Answer Stats
Answer % Correct
a
98%
A
98%
I
98%
You
93%
you
93%
the
92%
The
92%
B
87%
me
82%
me,
82%
go
75%
no
75%
when
75%
to
74%
where
74%
on
73%
(so
73%
your
73%
can
72%
Can
72%
and
71%
do
71%
Do
71%
do?
71%
my
71%
hear
70%
be
69%
of
69%
in
68%
In
68%
Are
67%
are
67%
can't
65%
is
65%
then
65%
what
64%
I'm
62%
that
62%
there
61%
this
59%
You're
59%
you're
59%
know
58%
they
57%
for
55%
not
55%
not,
55%
Not
55%
or
55%
will
55%
Don't
53%
don't
53%
if
53%
If
53%
have
52%
at
51%
It's
49%
one
49%
time
49%
up
48%
get
47%
Get
47%
(too
47%
all
46%
am
44%
but
44%
But
44%
good
43%
got
41%
day
40%
from
39%
Now
39%
some
39%
just
38%
off
38%
them
38%
with
38%
down
37%
down?
37%
look
37%
out
37%
gonna
36%
Gonna
36%
let
35%
Man,
35%
man
35%
way
35%
every
34%
I've
34%
you'll
33%
heart
32%
you've
31%
Give
30%
give
30%
bad)
29%
Say
29%
say
29%
Say
29%
Yeah
29%
Make
28%
take
28%
two
28%
may
27%
than
27%
Well,
27%
Well
27%
because
26%
they're
25%
more
24%
thing?
24%
real
23%
tell
23%
sound
22%
said
21%
most
20%
very
18%
place
16%
Hey
15%
people
15%
stop
15%
best
14%
'cause
14%
stand
14%
ain't
13%
boys
13%
Gotta
13%
stay
13%
each
12%
sad)
12%
guy
11%
listen
11%
around
10%
break
10%
everybody
10%
fun,
10%
help
10%
high
10%
street
10%
black
9%
hold
9%
work
9%
young
9%
yourself
9%
givin'
8%
hard
8%
hat
8%
house
8%
line
8%
Maybe
8%
mouse?
8%
soul
8%
touch
8%
ear
7%
million
7%
white
7%
cat
6%
damn
6%
job
6%
Job
6%
name,
6%
cars,
5%
five,
5%
meet
5%
club
4%
cool
4%
drag
4%
enjoy
4%
fool
4%
nine
4%
number
4%
reach
4%
rhythm
4%
smart
4%
space,
4%
throw
4%
Wham,
4%
wham
4%
Wham!
4%
"wham"
4%
Wham
4%
bam,
3%
bam
3%
"bam"
3%
Bam
3%
credibility
3%
dead
3%
dole
3%
folks
3%
grave,
3%
rot
3%
advice
2%
alive
2%
Average,
2%
bag,
2%
claims
2%
DHSS
2%
dig
2%
goal
2%
jerk
2%
jet
2%
Mr
2%
pretend
2%
staying
2%
streets,
2%
underground,
2%
benefit
1%
daddy's
1%
dice
1%
finger
1%
gang
1%
hi-fi
1%
hip
1%
leather
1%
mama's
1%
pay
1%
pub
1%
studs
1%
switching
1%
trilby
1%
No matching quizzes found
Score Distribution
Percent of People with Each Score
Percentile by Number Answered
Your Score History
You have not taken this quiz